فکر با نی:طنز يہ مضا مين (Record no. 172229)

MARC details
000 -LEADER
fixed length control field 00615nam a22001937a 4500
005 - DATE AND TIME OF LATEST TRANSACTION
control field 20200129172602.0
010 ## - LCCN (DPL NO)
LC control number A-276912
020 ## - INTERNATIONAL STANDARD BOOK NUMBER
Terms of availability 25.00
International Standard Book Number -
035 ## - SYSTEM CONTROL NUMBER
System control number A-276912
037 ## - SOURCE OF ACQUISITION
Source of stock number/acquisition DBAD/PUB
Stock number -
082 ## - DEWEY DECIMAL CLASSIFICATION NUMBER
Classification number 847
100 ## - MAIN ENTRY--PERSONAL NAME
Personal name فکر تو نسو ی
245 ## - TITLE STATEMENT
Title فکر با نی:طنز يہ مضا مين
Statement of responsibility, etc فکر تو نسو ی
246 ## - VARYING FORM OF TITLE
Remainder of title Fikr -e-Bani (Urdu)
Title proper/short title by Fikr Tonasvi
260 ## - PUBLICATION, DISTRIBUTION, ETC. (IMPRINT)
Place of publication, distribution, etc N.Delhi
Name of publisher, distributor, etc Ahluwalia book Depot
Date of publication, distribution, etc 1985 ء
270 ## - ADDRESS
Address 9988,New Rohtak Road,Post Box no.2507,
City N.Delhi
Postal code 110005
Telephone number -
Fax number -
300 ## - PHYSICAL DESCRIPTION
Extent 240 ص
Dimensions 22 Cm(Hb)
942 ## - ADDED ENTRY ELEMENTS (KOHA)
Source of classification or shelving scheme Dewey Decimal Classification
Item type Urdu Bks
Classification part 847
Call number suffix ف ک ر

No items available.


© Delhi Public Library
Hit Counter
free hit counter